| 000 | 00626nam a2200169 a 4500 | ||
|---|---|---|---|
| 005 | 20210219150445.0 | ||
| 008 | 991125 1980 mx 000 0 spa u | ||
| 035 | _aUPN01000014372 | ||
| 049 | _aCG | ||
| 050 | 4 |
_aHD8119 N8 _bD4.8 |
|
| 245 | 0 | 0 | _aDesarrollo sectorial en materia de administración del trabajo. |
| 260 |
_aMéxico : _bSTPS, _c1980. |
||
| 300 | _a51 p. | ||
| 500 | _a"Rectificación del comercio celebrado entre el ejecutivo federal y el Estado Libre y soberano de Nuevo León, 16 de enero de 1980" | ||
| 650 | 4 |
_aTRABAJO Y TRABAJADORES - _zNUEVO LEON - _vDISCURSOS, ENSAYOS, CONFERENCIAS, ETC. |
|
| 905 | _aLibro | ||
| 999 |
_c14372 _d14372 |
||